Statistiche per Riconosci l'Anno dagli eventi - Quiz n°188

Clicka qui per fare il quiz!

Statistiche generali

  • Questo quiz è stato fatto 3 volte
  • Il punteggio medio è 4 su 8

Statistiche sulle risposte

IndizioRisposta% Corretto
AI romani costruiscono una piccola guarnigione nei suburbi dell'odierna Ratisbona.
100%
DColonia diventa la capitale della Germania Inferior.
67%
CDomiziano e Nerva sono nominati consoli romani.
67%
BFinisce il mandato di Plinio il Giovane come questore.
67%
EDomiziano acquista con un tributo un umiliante trattato di pace dal re Decebalo della Dacia (odierna Romania)
33%
FDurante l'epoca della dinastia Han, il generale cinese Ban Chao sconfigge il popolo dei Kushan comandati da Kanishka, proseguendo così la conquista del bacino del Tarim.
33%
GUna delle probabili date per la stesura del Vangelo di Giovanni e degli Atti degli Apostoli.
33%
Anno90
0%

Distribuzione punteggi

Percentile per numero di risposta

Percentuale di utenti per punteggio

I tuoi punteggi nel tempo

Non hai fatto questo quiz